000 00645nam a2200241Ia 4500
003 OSt
005 20220923225509.0
006 a|||||r|||| 00| 0
007 ta
008 220922b |||||||| |||| 00| 0 hin d
024 _a269,426
037 _cTextual
040 _aARTS
_cARTS
_bhin
041 _2hin
_ahin
082 _aQ3x, [N6]
100 _aरामकृष्ण
_9156277
245 0 _aआत्म चिन्तन
246 _aĀtma chintana
260 _c1996
650 _aज्ैन् ध्ज्ञमर््
942 _hQ3x, [N6]
_cTEXL
_2CC
999 _c378615
_d378615